LEADER 01037nam a2200193 i 4500 001 000000004374 003 CaOOAMICUS 005 20180830125436.0 008 180830s1985 xx u000 u und u 040 $aSeMil$bita 100 1 $aMarchesi, Giovanni .$0(OLS)http://semarc/name/89284 245 10$aCommenti al lezionario festivo /$cGiovanni Marchesi. 260 $aRoma :$bCittà Nuova,$c1985-1987. 300 $a3 v. ;$c20 cm. 774 0 $aMarchesi, Giovanni $tVangelo della salvezza. Commento biblico e teologico alla letture delle domeniche e feste. Anno A.$z88-311-3808-1$w()80334 774 0 $aMarchesi, Giovanni $tVangelo della speranza. Commento biblico e teologico alla letture delle domeniche e feste. Anno B.$z88-311-3809-X$w()80335 774 0 $aMarchesi, Giovanni $tVangelo della misericordia.$z88-311-3807-3$w()84998 996 $6245$aCommenti al lezionario festivo$9(OLS)http://semarc/title/400452 996 $6260$aRoma :$bCittà Nuova$9(OLS)http://semarc/publisher/29609 LEADER 00773nam a2200217 i 4500 001 000000038390 003 CaOOAMICUS 005 20190925155617.0 008 970605n it u000 u mul u 013 $a8975 020 $a8831191950 040 $aSeMil$bita 100 1 $aMaximus : Taurinensis .$0(OLS)http://semarc/name/12929 245 10$aSermoni /$csan Massimo di Torino. 700 1 $aBanterle, Gabriele.$0(OLS)http://semarc/name/15736 850 $aSeMil 852 $aSeMil$W1$xVenegono$y1$mSL1.V V 31$j4545$B4545$CSeMilBibl$Z2$F4545 $8I 961 $aSottoscrizione: Città Nuova (Agente) 996 $6020$a8831191950$9(OLS)http://semarc/number/7645 996 $6245$aSermoni$9(OLS)http://semarc/title/2425